[Event "Texas-ch"]
[Site "Dallas"]
[Date "2003.05.25"]
[Round "5"]
[White "Suarez, Andres"]
[Black "Yeung, Clarence"]
[Result "1-0"]
[WhiteElo "2071"]
[BlackElo "2206"]
[PlyCount "76"]
[EventDate "2003.05.23"]
[EventType "swiss"]
[EventRounds "7"]
[EventCountry "USA"]
[SourceTitle "EXT 2005"]
[Source "ChessBase"]
[SourceDate "2004.11.15"]
[SourceVersion "1"]
[SourceVersionDate "2004.11.15"]
[SourceQuality "1"]

1. d4 Nf6 2. c4 e6 3. Nf3 d5 4. Bg5 c6 5. Nc3 h6 6. Bh4 g5 7. Bg3 dxc4 8. a4 Bb4 9. e3 b5 10. Ne5 Bb7 11. Be2 Nbd7 12. 0-0 Nxe5 13. Bxe5 Bxc3 14. bxc3 Rg8 15. f4 Nd5 16. Qd2 f6 17. Bh5+ Kd7 18. e4 Nxf4 19. Bxf4 gxf4 20. Qxf4 Rg5 21. g4 Qg8 22. Qxf6 Rxh5 23. Qf7+ Qxf7 24. Rxf7+ Ke8 25. Rxb7 Rg5 26. h3 h5 27. Rh7 Kf8 28. Rh8+ Rg8 29. Rxh5 b4 30. cxb4 Rb8 31. b5 Ke7 32. Rc5 cxb5 33. axb5 Rb7 34. Kg2 Rd8 35. Rxc4 Rxb5 36. Rxa7+ Kf6 37. Ra3 Rb1 38. Rf3+ Kg6 1-0